00505nam a2200133Ia 4500008004100000024006800041082001600109100007200125245007200197260002600269600002100295650003800316999001700354260210s9999 xx 000 0 und d a01B-05-BCS3Y, 01B-09-BCS3Y, 01B-24-BCS3Y & 01B-26-BCS3Y a005.072 FUR aFurqan Tariq Babar, Humayun Sami, Talha Ahmed & Mohammad Farhan 0aProduction and Shipment Management System Over Centralized Database aKarachi:bUITU,c2001 aComputer Science aBachelor of Computer Science (BS) c31715d31715